Statystyki dla Który raper nawinął podany wers?

Kliknij tutaj aby rozwiązać quiz!

Ogólne statystyki

  • Ten quiz został rozwiązany 674 razy
  • Średni wynik to 6 z 10

Statystyki odpowiedzi

HintOdpowiedź% Poprawnych
Idę po hotdoga na Orlenka, do Orlenka jest kolejka, więc idę se do Cerfa, noc jest piękna.Mata
94%
Nie byłem na Openerze, bo według bookera nie szanuję kobiet. Są kobiety za które idę w ogień i są takie których nie znoszę.Bedoes
91%
Jestem mordzia skuty, niezwiązany przez label. Torba Gucci je*ie Strawberry Hazem.Żabson
83%
Okej, robię się dorosły, bo chyba muszę płacić za me auta. Te diamenty na szyi, to wszystko to nie bogactwa.Young Igi
79%
Myśli, że mam w domu klamę albo kilo ganji. Nie - mam maltańczyka co się wabi Bambi.Białas
74%
Cztery bezsenne noce jak Blade, imponują ci przemoc i krew?Quebonafide
74%
Prędzej czy później przyzwyczają się wszyscy, prędzej czy później przyzwyczaisz swe myśli.Zeamsone
49%
Odbierasz i się robi w końcu pozytywnie. Ta negatywność jak nowotwór - to się wytnie.Taco Hemingway
41%
Dużo numerów na nową płytę piszę pijany po powrotach z najby. Za dużo w życiu miewałem smutku, więc ogarnąłem, żeby robić hajsy.Filipek
33%
Nie do wiary to jak daliśmy się światu zepsuć. Wieku ćwiartka za mną, czuję się jak na półmetku. Zestresowany jakbym pytał o chodzenie i mi nie odmawiaj, bo się jeszcze zaczerwienie, jejciu.Adi Nowak
19%

Rozkład punktacji

Percentyl według liczby udzielonych odpowiedzi

Procent ludzi z każdym wynikiem

Twoja historia wyników

Nie rozwiązałeś tego quizu